Customs and Excise may surrender lease VAT to Lubbock Fine (Record no. 37494)

MARC details
000 -LEADER
fixed length control field 00777cab a2200217 4500
001 - CONTROL NUMBER
control field WB2732-45
008 - FIXED-LENGTH DATA ELEMENTS--GENERAL INFORMATION
fixed length control field 090401t1991 xxu||||| |||| 00| 0 eng d
035 ## - SYSTEM CONTROL NUMBER
System control number (Sirsi) u60695
041 ## - LANGUAGE CODE
Language code of text/sound track or separate title eng
245 ## - TITLE STATEMENT
Title Customs and Excise may surrender lease VAT to Lubbock Fine
260 ## - PUBLICATION, DISTRIBUTION, ETC.
Date of publication, distribution, etc. 1991
350 ## - PRICE (NR) (BK AM CF MU VM SE) [OBSOLETE]
Price 0
490 ## - SERIES STATEMENT
Series statement Lubbock Fine Press Release
Volume/sequential designation 7 August 1991 2 pages
490 ## - SERIES STATEMENT
Series statement Estates Times
Volume/sequential designation no 1108 16/8/91 p3 (3)
520 ## - SUMMARY, ETC.
Summary, etc. Following a recent VAT tribunal giving Lubbock Fine leave to appeal to the EC Court of Justice , HM Customs and Excise may have to consider its rules on the assessment of VAT on the surrender of commercial property leases.
650 ## - SUBJECT ADDED ENTRY--TOPICAL TERM
Topical term or geographic name entry element COMMUNITY LAW
650 ## - SUBJECT ADDED ENTRY--TOPICAL TERM
Topical term or geographic name entry element UK LAW
690 ## - LOCAL SUBJECT ADDED ENTRY--TOPICAL TERM (OCLC, RLIN)
Topical term or geographic name as entry element TAXATION
942 ## - ADDED ENTRY ELEMENTS (KOHA)
Suppress in OPAC 0
948 ## - LOCAL PROCESSING INFORMATION (OCLC); SERIES PART DESIGNATOR (RLIN)
c (OCLC) 04/03/1997
Holdings
Withdrawn status Lost status Source of classification or shelving scheme Damaged status Not for loan Home library Current library Shelving location Date acquired Total Checkouts Full call number Barcode Date last seen Copy number Price effective from Koha item type
    Dewey Decimal Classification     London London News article 14/09/1999   WB2732-45 60695-1001 06/08/2019 1 06/08/2019 News article